00656nam a2200205 a 4500008004100000020002500041245010800066260003500174300003200209504004200241500002000283650003900303700002100342700002100363700001800384700002100402003000100423005001700424040000900441  a9783642070174 (pbk.)10aLong term preservation of digital documents :bprinciples and practices /cUwe M. Borghoff... [et al.]  aHeidelberg :bSpringer,c2010. axii, 274 p. :bill. ;c25cm aIncludes bibliographical references.  aIncludes index. 1aPreservation of digital documents. aSchmitz, Lothar. aScheffczyk, Jan. aRodig, Peter. aBorghoff, Uwe M.20230123125348.0 cNUST